Największe miasta w Polsce na literę R - Statystyki

Ogólne statystyki
  • Ten quiz został rozwiązany 12 350 razy
  • Średni wynik to 5 z 10
Statystyki odpowiedzi
Rank. Liczba mieszańców Województwo Miasto % Poprawnych
1. 211.371 mazowieckie Radom
95%
2. 196.208 podkarpackie Rzeszów
93%
4. 137.360 śląskie Ruda Śląska
64%
3. 138.098 śląskie Rybnik
62%
5. 54.739 śląskie Racibórz
43%
7. 45.843 łódzkie Radomsko
42%
6. 49.230 pomorskie Rumia
38%
8. 26.307 pomorskie Reda
37%
10. 20.111 wielkopolskie Rawicz
24%
9. 21.514 śląskie Rydułtowy
13%
Nie znaleziono quizów pasujących do podanych kryteriów
Rozkład punktacji
Procent ludzi z każdym wynikiem
Percentyl według liczby udzielonych odpowiedzi
Twoja historia wyników
Nie rozwiązałeś tego quizu